000 01252nam a2200301Ia 4500
001 ebr10301105
003 CaPaEBR
006 m u
007 cr cn|||||||||
008 080404s2009 enkaf sbf 001 0 eng d
010 _z 2008015533
020 _z9781405181105 (pbk. : alk. paper)
020 _z1405181109 (pbk. : alk. paper)
040 _aCaPaEBR
_cCaPaEBR
035 _a(OCoLC)647783006
050 1 4 _aRL74
_b.H36 2009eb
245 0 0 _aHandbook of dermatology
_h[electronic resource] :
_ba practical manual /
_cMargaret W. Mann ... [et al.].
260 _aChichester, UK ;
_aHoboken, NJ :
_bWiley-Blackwell,
_c2009.
300 _axvi, 299 p., [3] p. :
_bill.
504 _aIncludes bibliographical references and index.
533 _aElectronic reproduction.
_bPalo Alto, Calif. :
_cebrary,
_d2009.
_nAvailable via World Wide Web.
_nAccess may be limited to ebrary affiliated libraries.
650 0 _aDermatology
_vHandbooks, manuals, etc.
650 0 _aSkin
_xDiseases
_vHandbooks, manuals, etc.
655 7 _aElectronic books.
_2local
700 1 _aMann, Margaret W.
710 2 _aebrary, Inc.
856 4 0 _uhttp://site.ebrary.com/lib/rucke/Doc?id=10301105
_zAn electronic book accessible through the World Wide Web; click to view
999 _c67423
_d67423